Estadísticas para Países de América del Norte con un Mapa Vacío

Haz click aquí para tomar la prueba!

Estadísticas generales

  • Esta prueba ha sido tomada 2.919 veces
  • La puntuación promedio es 21 de 23

Respuestas en el mapa

Las respuestas están codificadas por una escala verde-roja en el mapa de la prueba según el % correcto abajo.
 

Estadísticas de respuestas

País% Correcto
Canadá
100%
México
100%
Estados Unidos
99%
Cuba
97%
Costa Rica
96%
Guatemala
96%
Honduras
96%
Nicaragua
96%
Panamá
96%
El Salvador
95%
Haití
95%
República Dominicana
94%
Belice
93%
Jamaica
92%
Bahamas
91%
Antigua y Barbuda
88%
Barbados
88%
Dominica
88%
Trinidad y Tobago
87%
Santa Lucía
86%
Granada
84%
San Vicente y las Granadinas
83%
San Cristóbal y Nieves
81%

Distribución de puntuación

Porcentaje por número respondido

Porcentaje de gente con cada puntuación

Historial de tus puntuaciones

No has tomado esta prueba